书目信息 |
| 题名: |
苔丝
|
|
| 作者: | 哈迪 著 ;韦斯特 , 苏苗苗 改写 | |
| 分册: | ||
| 出版信息: | 北京 外语教学与研究出版社 2014.06 |
|
| 页数: | 294页 | |
| 开本: | 20cm | |
| 丛书名: | 书虫·牛津英汉双语读物. 6级 | |
| 单 册: | ||
| 中图分类: | H319.4:I | |
| 科图分类: | ||
| 主题词: | 英语 | |
| 电子资源: | ||
| ISBN: | 978-7-5135-4528-0 | |
| 000 | 01293nam0 2200265 450 | |
| 001 | 2354237858 | |
| 005 | 20231213151002.83 | |
| 010 | @a978-7-5135-4528-0@dCNY11.00 | |
| 100 | @a20231213d2014 km y0chiy0120 ea | |
| 101 | 0 | @achi |
| 102 | @aCN@b110000 | |
| 200 | 1 | @a苔丝@ATai Si@f(英)哈迪 ( Hardy, Thomas )著;韦斯特 (West, Clare)改写;苏苗苗译@F(Ying)Ha Di(Hardy,Thomas)Zhu;Wei Si Te(West,Clare)Gai Xie;Su Miao Miao Yi |
| 210 | @a北京@c外语教学与研究出版社@d2014.06 | |
| 215 | @a294页@d20cm | |
| 225 | 2 | @a书虫·牛津英汉双语读物. 6级 |
| 330 | @a本书为“书虫·牛津英汉双语读物 ” 6级中的一本, 是英国小说家哈代的代表作, 也是一部震撼人心的悲剧作品。 美丽、善良的农家姑娘苔丝迫于家境, 跑到地主庄园做工, 却不幸被少爷亚历克奸污, 怀着身孕回到家乡。 孩子夭折后, 她又到一家牛奶场干活, 与牧师的儿子安吉尔产生了爱情。 不想, 新婚之夜坦白实情的苔丝为丈夫所不容, 被遗弃后又再度遭到亚历克的纠缠, 最终走向悲剧的命运。 英汉双语, 适合高三、大学低年级学生阅读。 | |
| 410 | 0 | @12001 @a书虫·牛津英汉双语读物. 6级 |
| 510 | 1 | @a= Tess of the d'Urbervilles |
| 606 | 0 | @a英语 |
| 690 | @aH319.4:I@v4 | |
| 701 | 0 | @a哈迪@AHa Di@bHardy,Thomas@4著 |
| 702 | 0 | @a韦斯特@AWei Si Te@bWest,Clare@4改写 |
| 702 | 0 | @a苏苗苗@ASu Miao Miao@4译 |
| 801 | 0 | @aCN@b河南城建学院图书馆@c20231213 |
| 905 | @dH319.4:I@eH0022 | |
| 苔丝/(英)哈迪 ( Hardy, Thomas )著;韦斯特 (West, Clare)改写;苏苗苗译.-北京:外语教学与研究出版社,2014.06 |
| 294页;20cm.-(书虫·牛津英汉双语读物. 6级) |
| ISBN 978-7-5135-4528-0:CNY11.00 |
| 本书为“书虫·牛津英汉双语读物 ” 6级中的一本, 是英国小说家哈代的代表作, 也是一部震撼人心的悲剧作品。 美丽、善良的农家姑娘苔丝迫于家境, 跑到地主庄园做工, 却不幸被少爷亚历克奸污, 怀着身孕回到家乡。 孩子夭折后, 她又到一家牛奶场干活, 与牧师的儿子安吉尔产生了爱情。 不想, 新婚之夜坦白实情的苔丝为丈夫所不容, 被遗弃后又再度遭到亚历克的纠缠, 最终走向悲剧的命运。 英汉双语, 适合高三、大学低年级学生阅读。 |
| ● |
| 相关链接 |
|
|
|
正题名:苔丝
索取号:H319.4:I/H0022
 
预约/预借
| 序号 | 登录号 | 条形码 | 馆藏地/架位号 | 状态 | 备注 |
| 1 | 1548528 | 215485286 | 外国语学院资料室/ [索取号:H319.4:I/H0022] | 在馆 |